Estudio sobre el tratamiento de los combustibles líquidos minerales para la obtención de productos comerciales / (Record no. 94245)

MARC details
000 -LEADER
campo de control de longitud fija 00939nam a2200205 i 4500
001 - NÚMERO DE CONTROL
campo de control 94245
003 - IDENTIFICADOR DE NÚMERO DE CONTROL
campo de control ES-MaACL
005 - FECHA Y HORA DE LA ÚLTIMA TRANSACCIÓN
campo de control 20250811063411.0
007 - CAMPO FIJO DE DESCRIPCIÓN FÍSICA--INFORMACIÓN GENERAL
campo de control de longitud fija t|
008 - DATOS DE LONGITUD FIJA--INFORMACIÓN GENERAL
campo de control de longitud fija 050809s1928 sp ||||1| spa d
100 1# - ENTRADA PRINCIPAL--NOMBRE DE PERSONA
Nombre de persona Torón Villegas, Luis.
9 (RLIN) 110697
245 10 - MENCIÓN DEL TÍTULO
Título Estudio sobre el tratamiento de los combustibles líquidos minerales para la obtención de productos comerciales /
Mención de responsabilidad, etc. por el ingeniero de minas Luis Torón Villegas.
260 ## - PUBLICACIÓN, DISTRIBUCIÓN, ETC.
Lugar de publicación, distribución, etc. Madrid :
Nombre del editor, distribuidor, etc. Ministerio de Agricultura, Industria y Comercio,
Fecha de publicación, distribución, etc. [1928?]
300 ## - DESCRIPCIÓN FÍSICA
Extensión 284 p., [8] h. pleg. ;
Dimensiones 24 cm.
500 ## - NOTA GENERAL
Nota general Precede al tít.: Dirección General de Minas y Combustibles.
500 ## - NOTA GENERAL
Materiales especificados "Obra premiada en el concurso de 1928 convocado por el Ministerio de Fomento, según real orden de 27 de febrero de 1928. Lema: Petroleum"
710 1# - ENTRADA AGREGADA--NOMBRE DE ENTIDAD CORPORATIVA
Nombre de entidad corporativa o nombre de jurisdicción como elemento de entrada España.
Unidad subordinada Dirección General de Minas y Combustibles
9 (RLIN) 3756
852 ## - LOCALIZACIÓN
Ubicación ES-MaACL
Número de control de estantería A-1889(3)
Holdings
Estatus retirado Estado de pérdida Estado de daño No para préstamo Biblioteca de origen Biblioteca actual Ubicación en estantería Fecha de adquisición Fuente de adquisición Total de préstamos Signatura topográfica completa Código de barras Visto por última vez Precio de reemplazo Tipo de ítem Koha
        Biblioteca del Ateneo de Madrid Biblioteca del Ateneo de Madrid Sala Pecera Planta 1 17/01/2008     A-1889(3) 1098434 23/02/2023 23/02/2023 Libro impreso